| 000 | 01078nam a2200193 a 4500 | ||
|---|---|---|---|
| 001 | 56582 | ||
| 005 | 20180714052415.0 | ||
| 008 | 140415s2010 xxu 000 0 eng d | ||
| 020 | _a9780061748128 | ||
| 041 | _aeng | ||
| 082 |
_a813.54 _bYAL |
||
| 100 | 1 | _aYALOM, IRVIN D. | |
| 245 | 1 | 0 | _aWHEN NIETZSCHE WEPT |
| 250 | _a1a ed. | ||
| 260 |
_aESTADOS UNIDOS DE AMERICA : _bHARPER PERENNIAL, _c2010 |
||
| 300 |
_a310 _c13.5 x 2.2 x 20.3 |
||
| 520 | _aIN A MANNER I COULD NEVER HAVE ANTICIPATED, MY UNCONSCIOUS PLAYED A KEY ROLE IN THE WRITING OF LOVE`S EXECUTIONER: AS I APPROACHED THE END OF THE FIRST NINE STORIES, THE NEXT ONE MYSTERIOUSLY WAFTED INTO MY MIND, AS THOUGH I HAD UNKOWINGLY CONSTRUCTED IN ADVENCE AN OUTLINE AND TABLE OF CONTENTS. WHILE I WORKED IN THE ENDING OF THE TENTH STORY. IN SEARCH OF DREAMER, ANOTHER SURPRISE WAS IN STORE DOR ME: I FOUND MYSELF UNACCOUNTABLY THINKING NOT OF ANOTHER STORY, BUT OF FRIEDRICH NIET | ||
| 650 | 1 | 4 |
_aDEPRESION MENTAL _xNIETZSCHE, FRIEDRICH WILHELM, 1844 _x1900 _xFICCION _xPSICOTERAPIA CENTRADA EN EL CLIENTE |
| 999 |
_c56582 _d56582 |
||